[Event "Titled Tuesday intern op 21st Dec"]
[Site "Chess.com INT"]
[Date "2021.12.21"]
[Round "5"]
[White "Cella, Glaucio Dalla Cortt"]
[Black "Syed Ahmad, Ali"]
[Result "0-1"]
[WhiteElo "1894"]
[BlackElo "2171"]
[PlyCount "150"]
[EventDate "2021.12.21"]
[EventType "swiss (blitz)"]
[EventRounds "11"]
[EventCountry "USA"]
[SourceTitle "CBM 205 Extra"]
[Source "ChessBase"]
[SourceDate "2022.01.31"]
[SourceVersion "1"]
[SourceVersionDate "2022.01.31"]
[SourceQuality "1"]

1. e4 c6 2. Nf3 d5 3. exd5 cxd5 4. d4 Nc6 5. c3 Nf6 6. Bd3 Bg4 7. Qb3 Bxf3 8. Qxb7 Rc8 9. Bb5 Qd7 10. Qxd7+ Nxd7 11. gxf3 e6 12. Bf4 Be7 13. Nd2 0-0 14. Rg1 Rfd8 15. Ke2 Nb6 16. Bxc6 Rxc6 17. Kd3 Bd6 18. Bxd6 Rcxd6 19. b4 Rc6 20. Nb3 Na4 21. Nc5 Nb2+ 22. Kc2 Nc4 23. Kb3 a5 24. Rgd1 Kf8 25. a4 Ke7 26. b5 Rb6 27. Nd3 Rc8 28. Ne5 Nxe5 29. dxe5 Rb7 30. Rd4 Rbc7 31. Rc1 Rc4 32. Rxc4 Rxc4 33. Rd1 Rf4 34. Rd3 Kd7 35. Ka3 Kc7 36. Kb3 Kb6 37. Ka3 Kc5 38. Kb3 h5 39. Ka3 h4 40. Kb3 Rf5 41. Rd4 g5 42. f4 gxf4 43. Kc2 h3 44. Kd3 Rxe5 45. Rxf4 Re4 46. Rxf7 Rxa4 47. Rh7 Rf4 48. Rxh3 Rxf2 49. Rh6 a4 50. b6 Kxb6 51. Rxe6+ Kb5 52. h4 a3 53. Re1 Rh2 54. Kd4 Rxh4+ 55. Kxd5 Ka4 56. c4 Rh5+ 57. Kd6 a2 58. c5 Kb5 59. Ra1 Rh2 60. c6 Rd2+ 61. Kc7 Kb4 62. Kb7 Kb3 63. c7 Rc2 64. Rxa2 Kxa2 65. c8Q Rb2+ 66. Ka8 Kb1 67. Qh3 Rc2 68. Kb7 Kb2 69. Ka6 Rc3 70. Kb5 Rxh3 71. Kb4 Rh4+ 72. Kc5 Kc3 73. Kd5 Kd3 74. Ke5 Ra4 75. Kf5 Ke3 0-1

[Event "Lahore FIDE op 4th"]
[Site "Lahore"]
[Date "2016.11.12"]
[Round "2"]
[White "Khan, Asfand Yar"]
[Black "Syed Ahmad, Ali"]
[Result "0-1"]
[WhiteElo "1601"]
[BlackElo "2203"]
[PlyCount "102"]
[EventDate "2016.11.11"]
[EventType "swiss"]
[EventRounds "5"]
[EventCountry "PAK"]
[SourceTitle "EXT 2018"]
[Source "ChessBase"]
[SourceDate "2017.10.13"]
[SourceVersion "1"]
[SourceVersionDate "2017.10.13"]
[SourceQuality "1"]

1. e4 c5 2. Nf3 d6 3. Nc3 Nf6 4. d4 cxd4 5. Nxd4 a6 6. Be3 Ng4 7. Qd2 Nxe3 8. Qxe3 e5 9. Nf3 Be6 10. Be2 Be7 11. 0-0 Nd7 12. Nd5 Bxd5 13. exd5 0-0 14. h3 Rc8 15. c3 Qb6 16. Qxb6 Nxb6 17. Rfd1 Rc5 18. Nd2 f5 19. Nb3 Rc7 20. f4 Bf6 21. fxe5 Bxe5 22. Nd4 Bxd4+ 23. Rxd4 Nd7 24. Rf1 Ne5 25. Rc1 g5 26. h4 h6 27. h5 Kg7 28. c4 Kf6 29. g4 f4 30. Kg2 Rfc8 31. b3 b5 32. Re4 bxc4 33. bxc4 Rb8 34. Rc2 Rb4 35. Rd4 a5 36. Kf2 a4 37. a3 Rb3 38. c5 Rxc5 39. Rxc5 dxc5 40. Rxa4 f3 41. Bd1 Rb2+ 42. Ke3 Ke7 43. Re4 Kd6 44. a4 Kxd5 45. a5 f2 46. Rxe5+ Kxe5 47. Be2 Ra2 48. a6 Ra3+ 49. Kxf2 Kd4 50. Bb5 Ra2+ 51. Kf3 c4 0-1

[Event "Olympiad-42"]
[Site "Baku"]
[Date "2016.09.02"]
[Round "1.4"]
[White "Sveshnikov, Vladimir"]
[Black "Syed Ahmad, Ali"]
[Result "1-0"]
[WhiteElo "2404"]
[BlackElo "2343"]
[PlyCount "69"]
[EventDate "2016.09.02"]
[EventType "team-swiss"]
[EventRounds "11"]
[EventCountry "AZE"]
[SourceTitle "CBM 175"]
[Source "ChessBase"]
[SourceDate "2016.11.10"]
[SourceVersion "1"]
[SourceVersionDate "2016.11.10"]
[SourceQuality "1"]
[WhiteTeam "Latvia"]
[BlackTeam "Pakistan"]
[WhiteTeamCountry "LAT"]
[BlackTeamCountry "PAK"]

1. e4 c5 2. c3 d6 3. d4 cxd4 4. cxd4 Nf6 5. Nc3 a6 6. Nf3 g6 7. Bg5 Qa5 8. Bd3 Bg7 9. 0-0 0-0 10. h3 Nbd7 11. a3 e5 12. d5 b5 13. b4 Qc7 14. Qb3 Nb6 15. Rfc1 Qb8 16. a4 Nxa4 17. Nxa4 bxa4 18. Rxa4 Bd7 19. Ra5 Ra7 20. Bd2 Bb5 21. Bxb5 axb5 22. Qd3 Rb7 23. Rc6 Rc8 24. Raa6 Bf8 25. Be3 Kg7 26. Nd2 Rbc7 27. Nb3 Ne8 28. Na5 Rxc6 29. Nxc6 Rxc6 30. dxc6 Nc7 31. Rb6 Qa8 32. Rb7 Ne6 33. Qxb5 Qa1+ 34. Kh2 Qc3 35. Qd5 1-0